Geografía con imagenes - A - Estadísticas

Estadísticas generales
  • Esta prueba ha sido intentada 85 veces
  • La puntuación promedio es 11 de 16
Estadísticas de respuestas
Imagen Hint Respuesta % Correcto
País Australia
96%
Continente Asia
95%
Ciudad Atenas
95%
Río Amazonas
91%
País Alemania
88%
Cordillera Andes
85%
País Argentina
83%
País Arabia Saudita
77%
Ciudad Ámsterdam
73%
Monumento Acueducto de Segovia
67%
Monumento Alhambra
63%
Ciudad Abu Dhabi
54%
Pico Aneto
38%
Medida Altitud
29%
Curso de agua Afluente
18%
Lago Atitlán
1%
No se encontraron pruebas coincidentes
Distribución de puntuación
Porcentaje de gente con cada puntuación
Porcentaje por número respondido
Historial de tus puntuaciones
No has intentado esta prueba.